MDQL
is popping MORE tags! Check the
thread
!
Quizzes
Events
Quiz Creation
Community
Videos
Private Events
Remove Ads
Sign In
Join for FREE
Feedback
Dark Mode
Quiz Categories
Sports
Geography
Music
Movies
Television
Just For Fun
Miscellaneous
History
Literature
Language
Science
Gaming
Entertainment
Religion
Holiday
For Kids
Quiz Lab
Recent
Popular Today
Quiz Kudos Today
Editor Picks
Curator Picks
Quizzes by...
Day
Popularity
Type
Ratings
Length
Year
Community
Subscriptions
Recent Discussions
Orange Saloon
Badges
Playlists
Quests
Create
Leaderboards
Showdown
Live 5
Trivia Bingo
Activity
Puzzle Library
Sporcle Events
Private Events
Virtual Trivia
Globe League
Become a Host
Pub Owners
SporcleCon
Opinionation
Our Games
Videos
Blog
Mobile Apps
Partnerships
Remove Ads and Go Orange
Feedback
Just For Fun
Clickable
Get the Picture
Humor
Quick Pick
Word Ladder
Missing Word
Mixed Word
Blitz
Minefield
This or That
Alphabet
Color
Typing
Sporcle
Puzzle
Word Play
Follow That Line
Logic
Just For Fun
Clickable
Get the Picture
Humor
Quick Pick
Word Ladder
Missing Word
Mixed Word
Blitz
Minefield
This or That
Alphabet
Color
Typing
Sporcle
Puzzle
Word Play
Follow That Line
Logic
Random Quiz
Search Sporcle
×
Quiz Lab
Quiz Lab
Just For Fun
Canada
Type in answers that appear in a list
Type in answers that appear in a list
Classic
Best Score? Go Orange.
Canadian breweries and beer Stats
Can you name the Canadian brewery's and beer?
By
popeinator
10m
14 Questions
61 Plays
61 Plays
61 Plays
Comments
Comments
Give Quiz Kudos
Give Quiz Kudos
-
- Ratings
hide this ad
Replay
Link that replays current quiz
Next Quiz
Link to next quiz in quiz playlist
You Got
0%
They Got
Avg Score
35%
Avg Friend Score
Upgrade to see
Score Distribution
Jump to the score distribution portion of the page
Score
0/14
Timer
10:00
0
Plays Today
Name of Beer
Brewery
% Correct
67
Molson
91.8%
Rickards Dark
Molson
91.8%
Black Label
Molson
91.8%
Blue
Labatt
90.2%
Cracked Canoe
Moosehead
39.3%
Lemon Tea Beer
Mill St
27.9%
Red Amber Ale
Alexander Keith's
23%
Name of Beer
Brewery
% Correct
urBock
Creemore Springs
14.8%
Wellington Country Ale
Wellington Brewery
8.2%
Honey Brown Lager
Sleemen
6.6%
English Bay Pale Ale
Granville Island Brewing Company
3.3%
3.3%
Red Baron
Brick Brewing Company
1.6%
Rebellion Lager
Upper Canada Brewing Company
1.6%
Quiz Playlist
Details
Report
Send in Message
Add To Playlist
Classic:
Type in answers that appear in a list
Last Updated: Feb 16, 2017
Quiz Scoreboard
CHALLENGE
Sign Up to Join the Scoreboard
Show All
Scores
Hide
Comments
May contain spoilers
Recently Published
Street Fighter Characters
by Artimus82
Gaming
60s
9x9 Crossword: Cartoon Network
by jackfrog10
Miscellaneous
3m
College Basketball Coaching Resumes
by pancakes188
Sports
9m
More to Explore
Quiz From the Vault
Featured Blog Post
Where Did the Easter Bunny Come From?
hide this ad
You Might Also Like...
Tags
Canada Quiz
Beer
Brewery
Today's Top Quizzes in Just For Fun
Browse Just For Fun
hide this ad
Today's Top Quizzes in Canada
Browse Canada
Top Contributed Quizzes in Just For Fun
1
Name Just One - 10 to 1: Just For Fun
2
Killer Double Trees 224 - Colour Match-Up
3
Spring Typing Challenge
4
Crossword Whiteout! 49
5
Zeroing In: Just For Fun
6
Survivor Winners Logic Puzzle
7
Word Ladder: Ahoy Matey
8
Word Ladder: Wilderness Weapon
9
Kyle's 122nd Triple Trees
10
Harry Potter Logic - 'In Chains' II
Explore More
Trending Topics
NBA
Marvel
Kpop
Crossword
Anime
Disney
Harry Potter
Pokémon
NFL
Country
Soccer
WWE
Song
The Office
Puzzle
hide this ad
More By:
popeinator
Quiz
Plays
Rating
Category
Featured
Created
Canadian breweries and beer
61
2.00
Just For Fun
May 26, 2011
Go to Creator's Profile
Score Distribution
Quiz Creator Spotlight
popeinator
Follow
Send a Message
Quizzes Created
-
Created Quiz Play Count
-
More By This Creator
Popular Quizzes Today
1
Find the US States - No Outlines Minefield
2
Find the Countries of Europe - No Outlines Minefield
3
The Countries of the World
4
Find the US States
5
Risky Map Clicking: Biggest States A-Z
6
US States
7
Popular People in 1961
8
Movies - When Are They Set?
More Just For Fun Quizzes
Missing Word: Countries in Song Titles (A-Z)
Published
Trending Quizzes
Risky Map Clicking: Least Populous States A-Z
Countries of the World: 200 Million BC
1-10 Letter G Words
Risky Map Clicking: Next State Alphabetically
Adjectives in 80s TV Shows
Recently Updated
Leaping Animals
pecheneg
Reality TV Shows (A-Z)
bhenderson79
Rickey Henderson's Hall of Fame Teammates
pecheneg
Champions League XIs: Arsenal
pecheneg
Quick Pick: Celebrities in WWE's Hall of Fame
aduchscher
A-Z Keypad Blitz II
pecheneg
Multiple Oscar Actors
pecheneg
Mystery Phrase Blitz: Oscar 'Best Actors'
pecheneg
F. Scott Fitzgerald Novels
LTH
Pick 3 Villains
ddd62291
Trending Topics
Crossword
Kpop
Disney
Marvel
Anime
NBA
Harry Potter
WWE
The Office
Song
Country
Soccer
Pokémon
Puzzle
NFL
Your Account Isn't Verified!
In order to create a playlist on Sporcle, you need to verify the email address you used during registration. Go to your
Sporcle Settings
to finish the process.
Report this User
Report this user for behavior that violates our
Community Guidelines
.
Details:
Send Report
Go to the Sporcle.com Mobile Site →
Comments